000 00347nam a2200133Ia 4500
008 240624s9999 xx 000 0 und d
041 _aeng
082 _a006.76 KEO
100 _aKEOGH JIM
245 _aASP NET 2 0 DEMYSTIFIED A SELF TEACHING
260 _c2005
_aNew Delhi
_bTata McGrawhill
300 _axxii, : 265 : p. : cm. ; 24
365 _cRS
999 _c3194
_d3194